The Gospel of John ; a commentary /

Bibliographic Details
Main Author: Bultmann, Rudolf, 1884-1976
Format: Book
Language:English
German
Published: Philadelphia : Westminster Press, [1971]
Subjects:

MARC

Tag First Indicator Second Indicator Subfields
LEADER 00000cam a2200000 4500
001 in00000060136
005 20151008051603.0
008 710426s1971 pau b 00110 eng
010 |a  70125197  
020 |a 0664208932  |c $15.00 
035 |a (OCoLC)00136267 
035 |9 AAG8829AM 
040 |a DLC  |c DLC  |d TXA  |d UtOrBLW 
041 1 |a eng  |a ger 
049 |a TXAM  |c [1558722] 
050 0 0 |a BS2615.3  |b .B7813 1971b 
082 0 |a 226/.5/07 
100 1 |a Bultmann, Rudolf,  |d 1884-1976. 
240 1 4 |a Das Evangelium des Johannes. English 
245 1 4 |a The Gospel of John ;  |b a commentary /  |c by Rudolf Bultmann. Translated by G. R. Beasley-Murray, general editor, R. W. N. Hoare, and J. K. Riches. 
264 1 |a Philadelphia :  |b Westminster Press,  |c [1971] 
300 |a xii, 744 pages ;  |c 24 cm. 
336 |a text  |b txt  |2 rdacontent 
337 |a unmediated  |b n  |2 rdamedia 
338 |a volume  |b nc  |2 rdacarrier 
500 |a "Translated from the 1964 printing of Das Evangelium des Johannes (with the Supplement of 1966)" 
504 |a Bibliography: pages 725-731. 
630 0 0 |a Bible.  |p John  |x Commentaries. 
999 |a MARS 
999 f f |s 84ecdb94-8146-3d59-a6c3-1b7551d3c69b  |i 159be6df-b2ac-3169-b798-d0446e425bac  |t 0 
952 f f |p normal  |a Texas A&M University  |b College Station  |c Sterling C. Evans Library  |d Evans: Library Stacks  |t 0  |e BS2615.3 .B7813 1971b  |h Library of Congress classification  |i unmediated -- volume  |m A14801785202 
998 f f |a BS2615.3 .B7813 1971b  |t 0  |l Evans: Library Stacks